00605nam a2200193Ia 4500008004100000020001500041082001500056100001200071245001900083250000900102260002900111300000900140500002400149650001200173942000700185952010200192952010200294999001500396230524s9999 xx 000 0 und d a812191809X a539.7bRAJ aJ.B.Ram 0aAtomic Physics a19TH aNEW DELHIbS.Chandc2004 a1279 aQuantity Number: 2 aPhysics cBK 00104070aTATCLbTATCLcGENd2023-05-24l0o539.7 RAJp6051r2023-05-24w2023-05-24yBKzBS1102 00104070aTATCLbTATCLcGENd2023-05-24l0o539.7 RAJp6052r2023-05-24w2023-05-24yBKzBS1102 c4319d4319